Evolución económica y social de Costa Rica: año 1986, segundo semestre
Presenta y analiza el comportamiento de la economía de Costa Rica durante 1986. En el trabajo se refieren a cuestiones como la producción, los precios internos, el sector externo (exportaciones e importaciones), el empleo y los salarios, el sector monetario-financiero y la situación fiscal. Otros te...
Сохранить в:
| Соавтор: | |
|---|---|
| Формат: | Текст |
| Опубликовано: |
San José:
MIDEPLAN
|
| Предметы: | |
| Метки: |
Добавить метку
Нет меток, Требуется 1-ая метка записи!
|
MARC
| LEADER | 00000 a a2200000 04500 | ||
|---|---|---|---|
| 001 | 12879 | ||
| 003 | |||
| 040 | |||
| 090 | |a EXTRAVIADO | ||
| 110 | |a Costa Rica. Ministerio de Planificación Nacional y Política Económica | ||
| 245 | |a Evolución económica y social de Costa Rica: año 1986, segundo semestre | ||
| 260 | |a San José: |b MIDEPLAN | ||
| 300 | |a 20; 157 p. | ||
| 300 | |b **no definido** | ||
| 520 | |a Presenta y analiza el comportamiento de la economía de Costa Rica durante 1986. En el trabajo se refieren a cuestiones como la producción, los precios internos, el sector externo (exportaciones e importaciones), el empleo y los salarios, el sector monetario-financiero y la situación fiscal. Otros temas tratados en el documento son: la evolución demográfica (población), la dinámica del mercado laboral, la distribución desigual de las oportunidades, los principales sectores sociales, el gasto público según los sectores sociales (período 1975 a 1985). Contiene cuadros estadísticos sobre la evolución económica. SF/eb | ||
| 650 | |a SECTOR AGROPECUARIO | ||
| 650 | |a SECTOR INDUSTRIAL | ||
| 650 | |a INDUSTRIA DE LA CONSTRUCCION | ||
| 650 | |a PRECIOS AL CONSUMIDOR | ||
| 650 | |a PRECIOS AL POR MAYOR | ||
| 650 | |a CONDICIONES ECONOMICAS | ||
| 650 | |a BALANZA DE PAGOS | ||
| 650 | |a DEUDA EXTERNA | ||
| 650 | |a GASTOS NACIONALES | ||
| 650 | |a GASTOS PUBLICOS | ||
| 650 | |a PRECIOS AL CONSUMIDOR | ||
| 650 | |a BALANZA DE PAGOS | ||
| 650 | |a INDICADORES ECONOMICOS | ||
| 650 | |a PRECIOS AL POR MAYOR | ||
| 650 | |a INDUSTRIA DE LA CONSTRUCCION | ||
| 650 | |a SECTOR INDUSTRIAL | ||
| 650 | |a SECTOR AGROPECUARIO | ||
| 650 | |a PRODUCTOS AGROPECUARIOS | ||
| 650 | |a DESARROLLO SOCIAL | ||
| 650 | |a INGRESOS DE HOGARES | ||
| 999 | |c 13731 |d 13731 | ||
